| 000 | 01058pam a2200313 a 4500 | ||
|---|---|---|---|
| 008 | |||
| 020 | _a0397509820 (hbk.) | ||
| 049 | _aMAIN | ||
| 090 |
_aRK470 _bBUS |
||
| 100 | 1 | _aBush, Francis M. | |
| 245 | 1 | 4 |
_aThe Temporomandibular joint and related orofacial disorders / _cFrancis M. Bush [and] M. Franklin Dolwick. |
| 260 |
_aPhiladelphia : _bJ.B. Lippincott Co., _cc1995. |
||
| 300 |
_axiii, 416 p. : _bill. ; _c27 cm. |
||
| 504 | _aIncludes bibliographical references. | ||
| 500 | _aIncludes index. | ||
| 650 | 0 |
_aTemporomandibular joint _xDiseases. |
|
| 650 | 0 | _aOrofacial pain. | |
| 650 | 1 | 2 | _aTemporomandibular Joint Disorders. |
| 650 | 2 | 2 |
_aTemporomandibular Joint _xanatomy & histology. |
| 650 | 2 | 2 |
_aTemporomandibular Joint _xphysiopathology. |
| 650 | 2 | 2 |
_aFacial Pain _xtherapy. |
| 650 | 2 | 2 | _aDiagnosis, Differential. |
| 700 | 1 | _aDolwick, M. Franklin. | |
| 907 |
_a.b10334051 _b15-08-13 _c15-07-13 |
||
| 003 | |||
| 005 | 20230120204127.0 | ||
| 040 | _cNUST | ||
| 942 |
_cBOOKS _kRK470 _mBUS |
||
| 999 |
_c117615 _d117615 |
||